[Event "VIE-ch U15 Girls"]
[Site "Da Lat"]
[Date "2013.07.??"]
[Round "6"]
[White "Nguyen Thi Huynh, Tho"]
[Black "Nguyen Thi Minh, Oanh"]
[Result "0-1"]
[WhiteElo "1982"]
[BlackElo "1820"]
[PlyCount "94"]
[EventDate "2013.07.13"]
[EventType "swiss"]
[EventRounds "9"]
[EventCountry "VIE"]
[SourceTitle "EXT 2014"]
[Source "ChessBase"]
[SourceDate "2013.11.20"]
[SourceVersion "1"]
[SourceVersionDate "2013.11.20"]
[SourceQuality "1"]

1. e4 e6 2. Nf3 b6 3. d4 Bb7 4. Nc3 Bb4 5. Bd3 Nf6 6. e5 Nd5 7. Bd2 Nxc3 8. bxc3 Be7 9. Rb1 d6 10. Qe2 Nd7 11. Bf4 dxe5 12. dxe5 c5 13. c4 Qc7 14. 0-0 0-0 15. Rfe1 Rfd8 16. Be4 Bxe4 17. Qxe4 Nf8 18. Re3 Ng6 19. Bg5 Rac8 20. Bxe7 Qxe7 21. Qg4 Rd7 22. Rbe1 Rcd8 23. Kf1 Qe8 24. Ng5 Rd4 25. Qh5 h6 26. Ne4 Qd7 27. Nf6+ gxf6 28. exf6 Rh4 29. Qf3 Rxc4 30. g3 Qd5 31. Qxd5 Rxd5 32. c3 Ra4 33. Ra1 Ne5 34. f4 Ng4 35. Re2 Nxf6 36. h3 Ne4 37. Re3 Nd2+ 38. Ke2 Nc4 39. Rd3 Rxd3 40. Kxd3 Nd6 41. Kc2 Kg7 42. Kb3 Re4 43. a4 Nb7 44. h4 Kf6 45. h5 Na5+ 46. Kc2 Re2+ 47. Kd3 Rg2 0-1

[Event "VIE-ch U15 Girls"]
[Site "Da Lat"]
[Date "2013.07.??"]
[Round "3"]
[White "Nguyen Thi Huynh, Tho"]
[Black "Pham, Thi Thuy Hoa"]
[Result "0-1"]
[WhiteElo "1982"]
[BlackElo "1990"]
[PlyCount "66"]
[EventDate "2013.07.13"]
[EventType "swiss"]
[EventRounds "9"]
[EventCountry "VIE"]
[SourceTitle "EXT 2014"]
[Source "ChessBase"]
[SourceDate "2013.11.20"]
[SourceVersion "1"]
[SourceVersionDate "2013.11.20"]
[SourceQuality "1"]

1. e4 c5 2. Nf3 d6 3. d4 cxd4 4. Nxd4 Nf6 5. Nc3 a6 6. Be3 g6 7. Bd3 Bg7 8. f4 e5 9. fxe5 dxe5 10. Nf3 Nc6 11. Qe2 Nd4 12. Qf2 Ng4 13. Qg1 Nxe3 14. Qxe3 0-0 15. 0-0-0 Qb6 16. Rhe1 Qc6 17. Qf2 Be6 18. Nxd4 exd4 19. Ne2 Bxa2 20. Nxd4 Qc5 21. c3 Rad8 22. Rd2 Bxd4 23. Qe2 Bb3 24. c4 b5 25. e5 bxc4 26. Bc2 Qa5 27. e6 Qa1+ 28. Bb1 c3 29. bxc3 Qxc3+ 30. Rc2 Bxc2 31. Bxc2 Qb2+ 32. Kd1 Bc3+ 33. Qd2 Rxd2# 0-1